00506nam a2200205 a 450000100080000000500110000800800410001910000150006024500690007526000360014430000080018065000180018865000120020665000100021865000230022865000130025165300090026465300170027365300100029014837242023-03-01 1978 bl uuuu u0uu1 u #d1 aVIEIRA, C. aCultivo consorciado de milho com feijão.h[electronic resource] a[S.l.]: Embrater, [19--].c1978 a6p. aintercropping aFeijão aMilho aPhaseolus Vulgaris aZea Mays aBean aConsorciacao aMaize